000 00548nam a2200181Ia 4500
005 20250508153956.0
008 008 250505s9999 xx 000 0 eng d
037 _aTextual
040 _aFEDL
_beng
_cFEDL
041 _aeng
_2eng
084 _a327.54, NEH
_qFEDL
100 _aNehru Jawaharlal
245 0 _aIndia's foreign policy: Selected speeches, September 1946 - April 1961
260 _aDelhi, India
_bThe Publications Division
_c1961
300 _axviii,612p
942 _cTEXL
_h327.54, NEH
999 _c1346739
_d1346739